| 000 | 00441nab a2200145Ia 4500 | ||
|---|---|---|---|
| 003 | ES-SlBCS | ||
| 005 | 20210601130756.0 | ||
| 008 | 140529s1982 xxu||||| |||| 00| 0 fre d | ||
| 041 | _afre | ||
| 100 | 1 |
_aN'tumba, Tshiamalenga _9177122 |
|
| 245 | 0 | 0 |
_aRelativité Linguistique _c Tshiamalenga N'Tumba |
| 650 | 0 | 4 |
_aRelatividad Ligüística _9177123 |
| 773 | 0 |
_tPresença Filosofica _gvol. 8, nº. 3-4, 1982, págs. 19-31 _wRev966 |
|
| 942 | _cAR | ||
| 999 |
_c552181 _d552181 |
||